• 首页
  • 本馆介绍
  • 公告通知
  • 最新文献
  • 馆藏检索
  • 电子资源
  • 读者导购
  • 参考咨询
  • 我的图书馆
  • 登录
  • 详细信息显示
  • 放入我的书架
  • 预约/预借图书
  • 作者相关作品
  • 分类相关作品
  • 丛书相关作品
  • 出版社相关作品

书目信息

  • 表格格式
  • 工作单格式
  • 卡片格式
题名:
流体动力学
    
 
作者: 张堃元 , 金志光 编著
分册:  
出版信息: 北京   科学出版社  2017.04
页数: 344页
开本: 26cm
丛书名:
单 册:
中图分类: O351.2
科图分类:
主题词: 流体动力学--教材
电子资源:
ISBN: 978-7-03-052445-4
000 01105nam0 2200277 450
001 3792
005 20181008150833.15
010    @a978-7-03-052445-4@dCNY59.00
100    @a20170524d2017 em y0chiy50 ea
101 0  @achi
102    @aCN@b110000
105    @aa az 000yy
200 1  @a流体动力学@9liu ti dong li xue@dFluid dynamics@f张堃元,金志光编著@zeng
210    @a北京@c科学出版社@d2017.04
215    @a344页@c图@d26cm
300    @a飞行器动力工程专业系列教材
307    @a实际页数为:345
320    @a有书目(第345页)
330    @a本书对流体的物理属性、静止流体的平衡规律、流体运动的基本概念与规律、可压缩流体与不可压缩流体概念、相似原理以及气体运动的基本规律等基本概念进行了详细介绍。利用物理学基本原理,导出了流体动力学中十分重要的基本方程,即连续方程、动量方程(欧拉方程、N—S方程、积分形式的动量方程)及能量方程,并通过实例介绍了它们在工程中的应用。
510 1  @aFluid dynamics@zeng
606 0  @a流体动力学@j教材
690    @aO351.2@v5
701  0 @a张堃元@9zhang kun yuan@4编著
701  0 @a金志光@9jin zhi guang@4编著
801  0 @aCN@b91MARC@c20170524
905    @aMuseLib@dO351.2@e74
    
    流体动力学=Fluid dynamics/张堃元,金志光编著.-北京:科学出版社,2017.04
    344页:图;26cm
    飞行器动力工程专业系列教材
    
    ISBN 978-7-03-052445-4:CNY59.00
    本书对流体的物理属性、静止流体的平衡规律、流体运动的基本概念与规律、可压缩流体与不可压缩流体概念、相似原理以及气体运动的基本规律等基本概念进行了详细介绍。利用物理学基本原理,导出了流体动力学中十分重要的基本方程,即连续方程、动量方程(欧拉方程、N—S方程、积分形式的动量方程)及能量方程,并通过实例介绍了它们在工程中的应用。
●
相关链接 在E读中查询图书 在五车中查询图书 在当当中查询图书 在豆瓣中查询图书


正题名:流体动力学     索取号:O351.2/74         预约/预借

序号 登录号 条形码 馆藏地/架位号 状态 备注
1 1123747   211237473   第二样本阅览室/ [索取号:O351.2/74] 在馆    
2 1123748   211237482   第三借阅区/ [索取号:O351.2/74] 在馆    
3 1123749   211237491   第三借阅区/ [索取号:O351.2/74] 在馆    
4 1123750   211237507   密集书库-物理学院/ [索取号:O351.2/74] 在馆    
唐山师范学院图书馆 欢迎您!
大连网信软件有限公司© 版权所有